| 000 | 00923nam a2200253 a 4500 | ||
|---|---|---|---|
| 005 | 20211118143311.0 | ||
| 008 | 120830s2004 fr |||gr|||| 00| 0 fre d | ||
| 020 | _a9782130529354 | ||
| 040 |
_aCO-BoUCM _bspa _cDeissy Garcia _dDeissy Garcia |
||
| 041 | 0 | _afre | |
| 100 |
_aSpector, Céline _9140014 |
||
| 245 | 1 | 0 |
_aMontesquieu _bpouvoirs, richesses et sociétés _cCéline Spector |
| 260 |
_aParís _bPresses universitaires de France _c2004 |
||
| 300 | _a302 páginas | ||
| 490 | 0 |
_aFondements de la politique _x1242-8124 |
|
| 504 | _aIncluye referencias bibliográficas | ||
| 600 | 1 | 0 |
_aMontesquieu _d1689-1755 _xCrítica e interpretación _9172167 |
| 650 | 7 |
_915841 _aFilosofía política |
|
| 650 | 7 |
_97786 _aLiberalismo |
|
| 650 | 7 |
_924718 _aSociedad civil |
|
| 651 | 1 | 0 |
_aFrancia _xPolítica y gobierno _ySiglo XVIII _9172168 |
| 942 |
_cLIBRO _2DEWEY _a2 _e1 _h194 _n0 _mS741m |
||
| 999 |
_c320056 _d320056 |
||